All UEFA European Championship Top Scorers - Statistics

General Stats
  • This quiz has been taken 53 times
    49 since last reset
  • The average score is 15 of 32
Answer Stats
Year Nation Goals Player % Correct
2012 Portugal 3 Cristiano Ronaldo
98%
2020 Portugal 5 Cristiano Ronaldo
98%
2016 France 6 Antoine Griezmann
89%
2008 Spain 4 David Villa
89%
1976 West Germany 4 Dieter Muller
86%
1972 West Germany 4 Gerd Muller
86%
1988 The Netherlands 5 Marco Van Basten
86%
2012 Spain 3 Fernando Torres
84%
2020 Czech Republic 5 Patrik Schick
80%
1996 England 5 Alan Shearer
75%
1984 France 9 Michel Platini
75%
2012 Croatia 3 Mario Mandzukic
73%
2012 Italy 3 Mario Balotelli
70%
2012 Germany 3 Mario Gomez
66%
2004 Czech Republic 5 Milan Baros
66%
2000 The Netherlands 5 Patrick Kluivert
61%
1992 The Netherlands 3 Dennis Bergkamp
43%
2012 Russia 3 Alan Dzagoev
32%
1992 Sweden 3 Tomas Brolin
25%
2000 Jugoslavia 5 Savo Milosevic
23%
1992 Denmark 3 Henrik Larsen
11%
1992 Germany 3 Karl-Heinz Riedle
11%
1968 Jugoslavia 2 Dragan Dzajic
9%
1960 Jugoslavia 2 Drazan Jerkovic
7%
1960 Jugoslavia 2 Milan Galic
7%
1980 West Germany 3 Klaus Allofs
5%
1960 URSS 2 Viktor Ponedelnik
5%
1964 Hungary 2 Ferenc Bene
2%
1960 France 2 François Heutte
2%
1964 Spain 2 Jesus Maria Pereda
2%
1960 URSS 2 Valentin Kozmic Ivanov
2%
1964 Hungary 2 Dezso Novak
0%
No matching quizzes found
Score Distribution
Percent of People with Each Score
Percentile by Number Answered
Your Score History
You have not taken this quiz since the last reset